000
00303nam a2200133Ia 4500
008
150201s1992 xx 000 0 und d
082
_a
610.73698
_b
C92B
100
_a
BELCHER , ANNE E.
245
_a
CANCER NURSING
250
_a
1ST
260
_b
MOSBY
_a
USA
_c
1992
650
_a
CANCER
942
_2
ddc
_c
BK
999
_c
2022
_d
2022